00687nam a2200145Ia 4500008004100000020001800041245021800059260003400277300003000311500001900341650002900360650001500389999001900404952011800423200302s9999 xx 000 0 und d a9780128112281 cEdited by Mohamed Izham Mohamed Ibrahim, Albert I. Wertheimer, Zaheer-Ud-Din Babar.--aSocial and administrative aspects of pharmacy in low- and middle- income countries:bPresent challenges and future solutions / aLondon:bAcademic Pressc2018 axxvii, 456 pages:c24 cm. aincludes index aPharmaceutical Services. aPharmacy.  c363071d363071 001040aSSLCbSSLCcSSLCd2020-03-02l0oRS 100.4.D44 .So678 2018pSSLC1915r2020-03-02 00:00:00w2020-03-02yBK